skbl

Dr Suryya Kumar Bhuyan Library Web-OPAC
ডঃ সূৰ্য্য
কুমাৰ ভূঞা পুথিভঁৰাল ৱেব-অ'পেক

All Research Scholars are advised to clear the annual library fees to continue using Library Resources, Remote Access, Plagiarism Test and Library Clearance.

Cotton University Book Fair 2026

Organic Chemistry / (Record no. 40545)

MARC details
000 -LEADER
fixed length control field 00637nam a2200241Ia 4500
001 - CONTROL NUMBER
control field 40574
005 - DATE AND TIME OF LATEST TRANSACTION
control field 20240114003345.0
007 - PHYSICAL DESCRIPTION FIXED FIELD--GENERAL INFORMATION
fixed length control field ta
008 - FIXED-LENGTH DATA ELEMENTS--GENERAL INFORMATION
fixed length control field 071214s2008 g b000 u 465 u
040 ## - CATALOGING SOURCE
Original cataloging agency Cotton College
041 ## - LANGUAGE CODE
Language code of text/sound track or separate title 465
082 ## - DEWEY DECIMAL CLASSIFICATION NUMBER
Classification number 546
Item number Wa 144 Or
100 ## - MAIN ENTRY--PERSONAL NAME
Personal name Wade, L.G .
245 #0 - TITLE STATEMENT
Title Organic Chemistry /
Statement of responsibility, etc. L.G.Wade, M.S.Singh.
Medium Textual Documents
250 ## - EDITION STATEMENT
Edition statement 6th Edn. /
260 ## - PUBLICATION, DISTRIBUTION, ETC.
Place of publication, distribution, etc. Delhi :
Name of publisher, distributor, etc. Pearson Education ,
Date of publication, distribution, etc. 2008.
300 ## - PHYSICAL DESCRIPTION
Extent 1192p. ;
Dimensions 28cm.
500 ## - GENERAL NOTE
General note Issued to the Chemistry Deptt.797/Chem
653 ## - INDEX TERM--UNCONTROLLED
Uncontrolled term Organic Chemistry
942 ## - ADDED ENTRY ELEMENTS (KOHA)
Source of classification or shelving scheme Dewey Decimal Classification
Koha item type Books
Holdings
Withdrawn status Lost status Damaged status Not for loan Collection Home library Current library Date acquired Coded location qualifier Total checkouts Full call number Barcode Date last seen Copy number Price effective from Koha item type
          Dr. Suryya Kumar Bhuyan Library Dr. Suryya Kumar Bhuyan Library 01/02/2012 00000   546 Wa 144 Or 797/Chem 14/01/2024 1 01/02/2012 Books

Designed and Maintained by Team SKBL
©1901-2026

Powered by Koha